|
|
|
|
| LEADER |
01092nam a22002772i 4500 |
| 001 |
000147575 |
| 003 |
CZ BrMZK |
| 005 |
20150821123357.0 |
| 007 |
ta |
| 008 |
950101s1934 xr f cze d |
| 015 |
|
|
|a cnb000947132
|
| 035 |
|
|
|a (OCoLC)85527637
|
| 040 |
|
|
|a ABA001
|b cze
|c OLA001
|d ABA001
|e rda
|
| 100 |
1 |
|
|a Urbánek, Rudolf,
|d 1877-1962
|7 jk01140867
|4 aut
|
| 245 |
1 |
0 |
|a Bitva u Lipan :
|b k 500. výročí bitvy u Lipan 30. května 1434 /
|c Rud. Urbánek
|
| 264 |
|
1 |
|a V Praze :
|b Československá obec sokolská za účasti Národní rady československé,
|c 1934
|
| 300 |
|
|
|a 45, [II] stran ;
|c 8°
|
| 336 |
|
|
|a text
|b txt
|2 rdacontent
|
| 337 |
|
|
|a bez média
|b n
|2 rdamedia
|
| 338 |
|
|
|a svazek
|b nc
|2 rdacarrier
|
| 500 |
|
|
|a Dostupné též v digitální podobě v aplikaci Kramerius
|
| 856 |
4 |
1 |
|u http://www.digitalniknihovna.cz/mzk/uuid/uuid:adcd0220-4b0d-11e5-8851-005056827e51
|y Digitalizovaný dokument
|x NDK
|
| 910 |
|
|
|a BOA001
|b 1-0116.729
|
| 990 |
|
|
|a BK
|
| 991 |
|
|
|b 201508
|
| 996 |
6 |
|
|b 2619953627
|c 1-0116.729
|l MZK
|r Sklad / do 1 hodiny
|n 13
|w 000147575
|u 000010
|a 1
|e BOA001
|j MZK50
|s P
|